| 000 | 00653nam a2200217 i 4500 | ||
|---|---|---|---|
| 001 | 80128 | ||
| 003 | ES-MaACL | ||
| 005 | 20230906174133.0 | ||
| 007 | t| | ||
| 008 | 041026s1960 sp ||||1| spa d | ||
| 100 | 1 |
_aHicks, Charles B. _963556 |
|
| 245 | 1 | 0 |
_aOrganización de oficinas / _cpor Charles B. Hicks e I. Place ; traducción de F. Ruiz Gabás. |
| 260 |
_aBarcelona : _bHispano Europea, _c1960. |
||
| 300 |
_aXIX, 682 p., 17 lám. ; _c21 cm. |
||
| 490 | 1 | _aGalileo | |
| 700 | 1 |
_aPlace, I. _992499 |
|
| 700 | 0 |
_aRuiz Gabás, Fernando. _9100807 |
|
| 830 | 0 |
_aGalileo _9182278 |
|
| 852 |
_aES-MaACL _jC-19833 _bR.47649 |
||
| 999 |
_c80128 _d80128 |
||